00610nam a22001937a 4500003000900000008004100009040007100050082001800121100003300139245005300172260002900225300004200254650001300296650001500309650001100324650002000335700003300355700002800388AR-CdUCM190227b ||||| |||| 00| 0 eng d aMUNICIPALIDAD PROVINCIAL DEL CUSCOcBIBLIOTECA MUNICIPAL DEL CUSCO a801.08 /bM22 aManyari Rey de Cordoba, Olga aPoesias Excelsas /cManyari Rey de Cordoba, Olga aLima :bjuridica,c1966. a175 paginas ;bilustraciones, c22cm. aPoesias  aliteratura aPerú aPesias excelsas aManyari Rey de Cordoba, Olga aAquino Bohorquez, Mauro